000
00371nam a22001217a 4500
999
_c
13506
_d
13506
082
_a
297.09
_b
س ع ی
100
_a
مولانا سعید انصاری
245
_a
سیراصحا بیا ت
260
_a
اسلام آباد
_b
نیشنل بک فاؤنڈیشن
_c
١٩٩٠
300
_a
١٣٩ ص
650
_a
Islam- Women, Biography, Seerus sahabyat
942
_c
BK